书目信息 |
| 题名: |
宋词
|
|
| 作者: | 聂鑫森Anie xin sen 今译 ;杨宪益Ayang xian yi , 戴乃迭Adai nai die 英译 | |
| 分册: | ||
| 出版信息: | 北京 外文出版社 2001 |
|
| 页数: | 312页 | |
| 开本: | 21cm | |
| 丛书名: | 古诗苑汉英译丛 | |
| 单 册: | ||
| 中图分类: | H319.4:I222.844 , H319.4:I22 | |
| 科图分类: | ||
| 主题词: | 宋词--中国--汉语--英语--对照读物 , 宋词 | |
| 电子资源: | ||
| ISBN: | 7-119-02819-7 | |
| 000 | 00913oam2 2200313 45 | |
| 001 | (011001)c2001079615 | |
| 005 | 20041210145522.73 | |
| 009 | (011001)c2001079615 | |
| 010 | @a7-119-02819-7@dCNY 17.00 | |
| 035 | @a(011001)c2001079615 | |
| 100 | @a20010928d2001 em y0chiy0110 ea | |
| 101 | 2 | @achi@aeng@cchi |
| 102 | @aCN@b110000 | |
| 105 | @ay z 000yy | |
| 200 | 1 | @a宋词@Asong ci@e[汉英对照]@f聂鑫森今译@g杨宪益,戴乃迭等英译 |
| 210 | @a北京@c外文出版社@d2001 | |
| 215 | @a312页@d21cm | |
| 225 | 2 | @a古诗苑汉英译丛 |
| 461 | 0 | @12001 @a古诗苑汉英译丛 |
| 510 | 1 | @aSong Proses@zeng |
| 606 | 0 | @a宋词@y中国@x汉语@x英语@j对照读物 |
| 606 | 0 | @a宋词 |
| 690 | @aH319.4:I222.844@v4 | |
| 690 | @aH319.4:I22@v3 | |
| 701 | 0 | @a聂鑫森Anie xin sen@4今译 |
| 702 | 0 | @a杨宪益Ayang xian yi@4英译 |
| 702 | 0 | @a戴乃迭Adai nai die@4英译 |
| 801 | 0 | @aCN@c20041210 |
| 905 | @a10447@dH319.4:I22@eN580 | |
| 宋词:[汉英对照]/聂鑫森今译/杨宪益,戴乃迭等英译.-北京:外文出版社,2001 |
| 312页;21cm.-(古诗苑汉英译丛) |
| ISBN 7-119-02819-7:CNY 17.00 |
| ● |
| 相关链接 |
|
|
|
正题名:宋词
索取号:H319.4:I22/N580
 
预约/预借
| 序号 | 登录号 | 条形码 | 馆藏地/架位号 | 状态 | 备注 |
| 1 | 432973 | 204329734 | 语言库209/209语言库 55排7列6层/ [索取号:H319.4:I22/N580] | 在馆 | |
| 2 | 432974 | 204329743 | 语言库209/209语言库 55排7列6层/ [索取号:H319.4:I22/N580] | 在馆 |